[Event "39th Olympiad Women"]
[Site "Khanty-Mansiysk RUS"]
[Date "2010.09.25"]
[Round "5"]
[White "Aginian, Nelly"]
[Black "Papadopoulou, Vera"]
[Result "1-0"]
[WhiteTitle "WGM"]
[BlackTitle "WIM"]
[WhiteElo "2282"]
[BlackElo "2241"]
[Board "8.4"]
[WhiteTeam "ARM"]
[BlackTeam "GRE"]
[WhiteFideId "13300628"]
[BlackFideId "4205472"]
[EventDate "2010.09.21"]
[EventType "team"]

1. e4 c5 2. Nf3 d6 3. d4 cxd4 4. Nxd4 Nf6 5. Nc3 a6 6. Be3 e5 7. Nf3 Qc7 8. a4
Be7 9. a5 O-O 10. Be2 Be6 11. Nd5 Nxd5 12. exd5 Bf5 13. c4 Nd7 14. O-O Bf6 15.
b4 e4 16. Nd4 Bg6 17. Qd2 Ne5 18. Rac1 Qd7 19. h3 Nd3 20. Rc2 Rfe8 21. f4 Bxd4
22. Bxd4 h6 23. Qc3 f6 24. Be3 h5 25. Rb1 h4 26. Kh2 Bf5 27. Qb3 Qf7 28. c5 Qg6
29. g4 hxg3+ 30. Kg2 Kf7 31. Rh1 Rh8 32. cxd6 Rad8 33. Rc7+ Rd7 34. Qd1 Rh4 35.
Bg4 Bxg4 36. hxg4 Rxh1 37. Rxd7+ Ke8 38. Re7+ Kf8 39. Qxh1 1-0

[Event "39th Olympiad Women"]
[Site "Khanty-Mansiysk RUS"]
[Date "2010.09.25"]
[Round "5"]
[White "Cori T., Deysi"]
[Black "Paehtz, Elisabeth"]
[Result "0-1"]
[WhiteTitle "WGM"]
[BlackTitle "IM"]
[WhiteElo "2368"]
[BlackElo "2467"]
[Board "9.1"]
[WhiteTeam "PER"]
[BlackTeam "GER"]
[WhiteFideId "3801934"]
[BlackFideId "4641833"]
[EventDate "2010.09.21"]
[EventType "team"]

1. d4 e6 2. Nf3 c5 3. e3 b6 4. Bd3 Bb7 5. O-O g6 6. dxc5 bxc5 7. e4 Bg7 8. Na3
Ne7 9. Nb5 O-O 10. Bf4 c4 11. Bxc4 Bxe4 12. Bd6 a6 13. Nc3 Bb7 14. Qd3 Re8 15.
Rfd1 Nf5 16. Ne4 Bxe4 17. Qxe4 Nc6 18. Rab1 Nxd6 19. Rxd6 Bf8 20. Rdd1 d5 21.
Qe2 Qb6 22. Bb3 Na5 23. Rd3 Bg7 24. h4 Qb4 25. Re3 Qb5 26. Qe1 Rac8 27. Nd2 Bh6
28. Re2 Nxb3 29. Nxb3 Qa4 30. h5 Qxa2 31. hxg6 hxg6 32. Nd4 Bg7 33. Nxe6 fxe6
34. Rxe6 Kf7 35. Rxe8 Rxe8 36. Qd1 Qc4 37. Qf3+ Kg8 38. Rd1 d4 39. c3 dxc3 40.
bxc3 a5 41. g3 Qe4 42. Qxe4 Rxe4 43. Rd8+ Kh7 44. Rc8 Re1+ 45. Kg2 Rc1 46. c4 a4
47. Kf3 Rc2 0-1

[Event "39th Olympiad Women"]
[Site "Khanty-Mansiysk RUS"]
[Date "2010.09.25"]
[Round "5"]
[White "Aliaga Fernandez, Ingrid Y"]
[Black "Levushkina, Elena"]
[Result "0-1"]
[WhiteTitle "WFM"]
[BlackTitle "WGM"]
[WhiteElo "2134"]
[BlackElo "2346"]
[Board "9.3"]
[WhiteTeam "PER"]
[BlackTeam "GER"]
[WhiteFideId "3802191"]
[BlackFideId "14200686"]
[EventDate "2010.09.21"]
[EventType "team"]

1. e4 b6 2. d4 Bb7 3. Bd3 Nc6 4. c3 e5 5. d5 Nce7 6. Nh3 Ng6 7. O-O Nf6 8. Be3
Be7 9. Nd2 O-O 10. Qe2 d6 11. Ba6 Bxa6 12. Qxa6 Qd7 13. f3 Nh5 14. a4 Nhf4 15.
Bxf4 exf4 16. Qb5 Qc8 17. Nb3 a6 18. Qe2 Bf6 19. Qd2 Be5 20. Nd4 Qd8 21. Qd3 Qd7
22. b4 a5 23. bxa5 Bxd4+ 24. cxd4 Rxa5 25. Rfc1 Rfa8 26. Qc2 R8a7 27. Nf2 Rxa4
28. Rxa4 Qxa4 29. Qxa4 Rxa4 30. h3 Ra7 31. Nd1 h6 32. Nc3 Ra5 33. Ne2 Ra7 34.
Nc3 Nh4 35. Rc2 g5 36. Nb5 Ra1+ 37. Kf2 Rb1 38. Nxc7 Kf8 39. Na6 b5 40. Rc8+ Kg7
41. Rc2 b4 42. e5 Nf5 43. Re2 b3 44. e6 Ng3 45. Re1 Rxe1 46. Kxe1 b2 0-1

[Event "39th Olympiad Women"]
[Site "Khanty-Mansiysk RUS"]
[Date "2010.09.25"]
[Round "5"]
[White "Fuchs, Judith"]
[Black "Orbezo Rosales, Ximena Lucia"]
[Result "1-0"]
[WhiteTitle "WIM"]
[WhiteElo "2237"]
[BlackElo "1836"]
[Board "9.4"]
[WhiteTeam "GER"]
[BlackTeam "PER"]
[WhiteFideId "24605611"]
[BlackFideId "3807410"]
[EventDate "2010.09.21"]
[EventType "team"]

1. e4 e5 2. Bc4 Nf6 3. d4 exd4 4. Nf3 Bb4+ 5. c3 dxc3 6. bxc3 Bc5 7. e5 d5 8.
Bb5+ c6 9. exf6 cxb5 10. Qe2+ Be6 11. Qxb5+ Nd7 12. fxg7 Rg8 13. Bg5 Qb6 14.
Qxb6 Nxb6 15. Bh6 O-O-O 16. O-O Be7 17. Nd4 1-0

[Event "39th Olympiad Women"]
[Site "Khanty-Mansiysk RUS"]
[Date "2010.09.25"]
[Round "5"]
[White "Kopinits, Anna-Christina"]
[Black "Zawadzka, Jolanta"]
[Result "0-1"]
[WhiteTitle "WIM"]
[BlackTitle "WGM"]
[WhiteElo "2210"]
[BlackElo "2410"]
[Board "10.2"]
[WhiteTeam "AUT"]
[BlackTeam "POL"]
[WhiteFideId "1614142"]
[BlackFideId "1122320"]
[EventDate "2010.09.21"]
[EventType "team"]

1. e4 c5 2. Nf3 d6 3. d4 cxd4 4. Nxd4 Nf6 5. Nc3 Nc6 6. Be2 e5 7. Nf3 h6 8. O-O
Be7 9. Re1 O-O 10. h3 Be6 11. Bf1 Nb8 12. b3 a6 13. a4 Nbd7 14. a5 Rc8 15. Bb2
Re8 16. Nd2 Rc5 17. Na4 Rc8 18. Nc3 Nc5 19. Nc4 Nfxe4 20. Nxe4 Nxe4 21. Rxe4 d5
22. Rxe5 dxc4 23. Rxe6 fxe6 24. Bxc4 Bf6 25. Bxf6 Qxf6 26. Ra4 Rcd8 27. Qe2 Re7
28. Bd3 Rd4 29. Rxd4 Qxd4 30. Kh2 Qc5 31. Qe1 Kf7 32. Kg1 Qd4 33. Kh2 Rd7 34.
Qe2 Ke7 35. Bc4 Qd6+ 36. g3 Kd8 37. Bd3 Rf7 38. Qe1 Kc7 39. Be4 Kb8 40. Kg2 Qd4
41. Bg6 Rf6 42. Bd3 e5 43. Be4 Rd6 44. h4 Rd7 45. Bd3 Rc7 46. b4 Rc3 47. f3 Ra3
48. h5 Ra4 49. b5 axb5 50. Bxb5 Ra1 51. Qe2 Rxa5 52. Bd3 Ra1 53. Be4 Qd1 54.
Qxd1 Rxd1 55. Kh3 Kc7 56. Kg4 Rg1 57. f4 exf4 58. Kxf4 b6 59. g4 Kd6 60. Bf5 Ke7
61. Ke5 Re1+ 62. Kd5 Kf6 63. c4 Re5+ 64. Kd6 Rc5 65. Be6 Kg5 66. Ke7 b5 67. cxb5
Rxb5 68. Kf7 Rb7+ 69. Kg8 Kf6 70. Bf5 Rb5 71. Bd7 Rg5 72. Kh7 Ke5 73. Bc8 Kf4
74. Bf5 Rxf5 75. gxf5 Kxf5 76. Kxg7 Kg5 0-1

[Event "39th Olympiad Women"]
[Site "Khanty-Mansiysk RUS"]
[Date "2010.09.25"]
[Round "5"]
[White "Majdan-Gajewska, Joanna"]
[Black "Exler, Veronika"]
[Result "1-0"]
[WhiteTitle "WGM"]
[BlackTitle "WFM"]
[WhiteElo "2333"]
[BlackElo "2130"]
[Board "10.3"]
[WhiteTeam "POL"]
[BlackTeam "AUT"]
[WhiteFideId "1121979"]
[BlackFideId "1620550"]
[EventDate "2010.09.21"]
[EventType "team"]

1. e4 c6 2. d4 d5 3. e5 Bf5 4. Nf3 e6 5. a3 Nd7 6. Be2 Ne7 7. O-O Bg6 8. Nbd2 c5
9. dxc5 Nc6 10. b4 a5 11. b5 Ncxe5 12. Nxe5 Nxe5 13. Bb2 Nd7 14. c6 bxc6 15.
bxc6 Nf6 16. c4 Be7 17. cxd5 exd5 18. Bb5 O-O 19. a4 Ne4 20. Nxe4 dxe4 21. Qb3
Qc7 22. Rad1 Bd6 23. g3 Rad8 24. Rd5 Rfe8 25. Rfd1 e3 26. fxe3 Bxg3 27. Qc3
Bxh2+ 28. Kf1 f6 29. Rxd8 Rxd8 30. Rd7 Rxd7 31. cxd7 Qxc3 32. d8=Q+ Kf7 33. Qe8# 1-0

[Event "39th Olympiad Women"]
[Site "Khanty-Mansiysk RUS"]
[Date "2010.09.25"]
[Round "5"]
[White "Novkovic, Julia"]
[Black "Dworakowska, Joanna"]
[Result "0-1"]
[WhiteTitle "WFM"]
[BlackTitle "IM"]
[WhiteElo "2134"]
[BlackElo "2315"]
[Board "10.4"]
[WhiteTeam "AUT"]
[BlackTeam "POL"]
[WhiteFideId "12000086"]
[BlackFideId "1107445"]
[EventDate "2010.09.21"]
[EventType "team"]

1. e4 c5 2. Nf3 d6 3. d4 cxd4 4. Nxd4 Nf6 5. Nc3 Bd7 6. Bc4 g6 7. Bb3 Bg7 8. f3
O-O 9. Be3 Na6 10. Qd2 Nc7 11. g4 b5 12. g5 Nh5 13. Nde2 a5 14. Ng3 a4 15. Nxh5
gxh5 16. Bd5 Rc8 17. a3 Nxd5 18. Nxd5 Be6 19. c3 Bxd5 20. Qxd5 Qd7 21. Rd1 Qh3
22. Kf2 Be5 23. Rdg1 b4 24. g6 e6 25. gxf7+ Kh8 26. Qd1 Rxf7 27. Bd4 bxc3 28.
bxc3 h4 29. Rf1 Bxd4+ 30. Qxd4+ e5 31. Qe3 Rb8 32. Rb1 Rbf8 33. Ke2 Rxf3 34. Qh6
Qg2+ 0-1

[Event "39th Olympiad Women"]
[Site "Khanty-Mansiysk RUS"]
[Date "2010.09.25"]
[Round "5"]
[White "Pogonina, Natalija"]
[Black "Ordaz Valdes, Lisandra Teresa"]
[Result "1-0"]
[WhiteTitle "WGM"]
[BlackTitle "WIM"]
[WhiteElo "2491"]
[BlackElo "2359"]
[Board "11.1"]
[WhiteTeam "RUS2"]
[BlackTeam "CUB"]
[WhiteFideId "4147855"]
[BlackFideId "3506940"]
[EventDate "2010.09.21"]
[EventType "team"]

1. e4 e5 2. Nf3 Nc6 3. Bb5 Nf6 4. d3 Bc5 5. c3 O-O 6. O-O d6 7. Nbd2 a6 8. Ba4
Ba7 9. h3 Ne7 10. Re1 Ng6 11. d4 h6 12. Bc2 Nh7 13. Nf1 Ng5 14. Nxg5 hxg5 15.
dxe5 Nxe5 16. Be3 g6 17. Bb3 Kg7 18. Bd4 f6 19. Bxa7 Rxa7 20. Ne3 Rh8 21. Qd5
Bd7 22. Nc4 Bc6 23. Qd4 Ra8 24. Nxe5 dxe5 25. Qc4 Qe7 26. a4 Rad8 27. Rad1 Rhf8
28. f3 Rfe8 29. Ba2 Rf8 30. Kh2 Kh6 31. a5 Bb5 32. Qb3 Bc6 33. Qc2 Rxd1 34. Rxd1
Rd8 35. b4 Rxd1 36. Qxd1 Qd7 37. Qe2 Bb5 38. Qe3 Qd3 39. Qc5 Qd8 40. Bd5 b6 41.
axb6 cxb6 42. Qe3 Qc7 43. h4 Bc4 44. Bxc4 Qxc4 45. Qxb6 Qxc3 46. Qxf6 gxh4 47.
Qxh4+ Kg7 48. Qe7+ Kh6 49. Kh3 Qd4 50. Kg4 Qb2 51. g3 Qd4 52. Qf8+ Kh7 53. Qf7+
Kh6 54. Qe7 Qc4 55. Qf8+ Kh7 56. Kg5 Qc1+ 57. f4 exf4 58. Qf7+ Kh8 59. Qe8+ Kg7
60. Qd7+ Kf8 61. Kxg6 1-0

[Event "39th Olympiad Women"]
[Site "Khanty-Mansiysk RUS"]
[Date "2010.09.25"]
[Round "5"]
[White "Marrero Lopez, Yaniet"]
[Black "Girya, Olga"]
[Result "1/2-1/2"]
[WhiteTitle "WGM"]
[BlackTitle "WGM"]
[WhiteElo "2324"]
[BlackElo "2414"]
[Board "11.2"]
[WhiteTeam "CUB"]
[BlackTeam "RUS2"]
[WhiteFideId "3503950"]
[BlackFideId "4195752"]
[EventDate "2010.09.21"]
[EventType "team"]

1. e4 c6 2. d4 d5 3. e5 Bf5 4. Nf3 e6 5. Be2 c5 6. c3 Nc6 7. O-O cxd4 8. cxd4
Nge7 9. Nc3 Nc8 10. Be3 Be7 11. Nd2 Bg6 12. f4 f5 13. Nb3 Nb6 14. Nc5 Bxc5 15.
dxc5 Nd7 16. Nb5 O-O 17. a3 b6 18. cxb6 Nxb6 19. Rc1 Be8 20. Nd6 Ne7 21. Ba6 Bc6
22. b4 Ba4 23. Qd3 Rb8 24. b5 Qd7 25. Rb1 d4 26. Bxd4 Ned5 27. g3 Nc7 28. Bxb6
Rxb6 29. Qc4 Nxa6 30. Qxa4 Nc5 31. Qc4 Nb7 32. Nxb7 Qxb7 33. Rfc1 Rd8 34. a4 Qf3
35. Rc3 Rd1+ 36. Rxd1 Qxd1+ 37. Kg2 Kf7 38. a5 Rb7 39. Qd3 Qe1 40. a6 Re7 41.
Rc6 g5 42. b6 axb6 43. Rxb6 Qa5 44. Rd6 g4 45. Rd7 Qa2+ 46. Kg1 Qa1+ 47. Kf2
Qb2+ 48. Kg1 Qa1+ 49. Kf2 Qb2+ 50. Kg1 Qa1+ 1/2-1/2

[Event "39th Olympiad Women"]
[Site "Khanty-Mansiysk RUS"]
[Date "2010.09.25"]
[Round "5"]
[White "Bodnaruk, Anastasia"]
[Black "Pina Vega, Sulennis"]
[Result "1/2-1/2"]
[WhiteTitle "IM"]
[BlackTitle "WGM"]
[WhiteElo "2399"]
[BlackElo "2322"]
[Board "11.3"]
[WhiteTeam "RUS2"]
[BlackTeam "CUB"]
[WhiteFideId "4181751"]
[BlackFideId "3503151"]
[EventDate "2010.09.21"]
[EventType "team"]

1. e4 c5 2. Nf3 d6 3. d4 cxd4 4. Qxd4 Nc6 5. Bb5 Bd7 6. Bxc6 bxc6 7. O-O e5 8.
Qd3 Be7 9. c4 Qc7 10. Nc3 h6 11. Ne1 Nf6 12. Kh1 O-O 13. f4 Rfd8 14. Nc2 Rab8
15. b3 a5 16. Ba3 Bc8 17. Ne3 Nh5 18. Ne2 a4 19. Rab1 axb3 20. Rxb3 Nxf4 21.
Nxf4 exf4 22. Rxf4 Bg5 23. Rf1 Be6 24. Nf5 Rxb3 25. axb3 Bxf5 26. Rxf5 Qa7 27.
b4 Re8 28. g3 g6 29. Rf1 Qe7 30. b5 c5 31. Rd1 Bf6 32. Qd5 Bd4 33. Kg2 Qa7 34.
Qc6 Rb8 35. Qxd6 Qa8 36. Kh3 Rd8 37. Qc7 Rc8 38. Qd7 Rd8 39. Qc7 Rc8 40. Qd7 1/2-1/2

[Event "39th Olympiad Women"]
[Site "Khanty-Mansiysk RUS"]
[Date "2010.09.25"]
[Round "5"]
[White "Arribas Robaina, Maritza"]
[Black "Kashlinskaya, Alina"]
[Result "1/2-1/2"]
[WhiteTitle "WGM"]
[BlackTitle "WGM"]
[WhiteElo "2282"]
[BlackElo "2358"]
[Board "11.4"]
[WhiteTeam "CUB"]
[BlackTeam "RUS2"]
[WhiteFideId "3501418"]
[BlackFideId "4198026"]
[EventDate "2010.09.21"]
[EventType "team"]

1. e4 e5 2. Nf3 Nc6 3. Bb5 a6 4. Ba4 Nf6 5. O-O Be7 6. Re1 b5 7. Bb3 d6 8. c3
O-O 9. h3 Nb8 10. d4 Nbd7 11. Bg5 Bb7 12. Nbd2 c5 13. a4 h6 14. Bxf6 Bxf6 15.
dxc5 Nxc5 16. Bc2 bxa4 17. Nc4 Be7 18. Nfd2 Bc6 19. Ne3 Rb8 20. Ndc4 Bxe4 21.
Bxe4 Nxe4 22. Nf5 Nc5 23. Nxe7+ Qxe7 24. Qxd6 Qxd6 25. Nxd6 Nd3 26. Re3 Nxb2 27.
c4 Rfd8 28. c5 e4 29. Rxe4 Nd3 30. Rc4 Nxc5 31. Rxc5 Rxd6 32. Rxa4 Rb2 33. Rf5
g6 34. Rf3 Kg7 35. g4 Rbb6 36. Ra2 Rf6 37. Rfa3 Rb1+ 38. Kg2 Rbb6 39. Kg3 Rfd6
40. Kg2 Re6 41. Kg3 Rf6 42. Kg2 g5 43. f3 Kg6 44. Kg3 Rfe6 45. h4 Rf6 46. hxg5
hxg5 47. Kg2 Rfe6 48. Kg3 f6 49. Kg2 Kf7 50. Kg3 Ke7 51. Kf2 Kd7 52. Kg3 Kc7 53.
Kf2 Kb7 54. Kg3 Re1 55. Kf2 Reb1 56. Kg3 R1b3 57. Ra5 Rd6 58. Kg2 Rbd3 59. Kg3
Rb6 60. Kg2 Rd8 61. Kg3 Ra8 62. Rf5 Re8 63. Rfa5 Rc8 64. Kf2 Rc4 1/2-1/2

[Event "39th Olympiad Women"]
[Site "Khanty-Mansiysk RUS"]
[Date "2010.09.25"]
[Round "5"]
[White "Kovanova, Baira"]
[Black "Nemcova, Katerina"]
[Result "1-0"]
[WhiteTitle "WGM"]
[BlackTitle "WGM"]
[WhiteElo "2370"]
[BlackElo "2283"]
[Board "12.1"]
[WhiteTeam "RUS3"]
[BlackTeam "CZE"]
[WhiteFideId "4164083"]
[BlackFideId "322750"]
[EventDate "2010.09.21"]
[EventType "team"]

1. e4 e5 2. Nf3 Nc6 3. Bb5 a6 4. Ba4 Nf6 5. O-O Be7 6. Re1 b5 7. Bb3 d6 8. c3
O-O 9. d4 Bg4 10. d5 Na5 11. Bc2 c6 12. dxc6 Qc7 13. h3 Bc8 14. Nbd2 Qxc6 15.
Nf1 Re8 16. a4 Bb7 17. Ng3 Nc4 18. b3 Nb6 19. a5 Nbd7 20. Bd2 Bf8 21. b4 g6 22.
Rc1 d5 23. exd5 Nxd5 24. Bb3 Nf4 25. Ne4 Nd3 26. Nfg5 Nxc1 27. Bxc1 Re7 28. Nxf7
Rxf7 29. Qf3 Bg7 30. Qxf7+ Kh8 31. f3 Rf8 32. Qe7 Nf6 33. Nc5 Bc8 34. Rd1 Bxh3
35. Rd8 Ne8 36. Bd5 Qf6 37. Rxe8 1-0

[Event "39th Olympiad Women"]
[Site "Khanty-Mansiysk RUS"]
[Date "2010.09.25"]
[Round "5"]
[White "Havlikova, Kristyna"]
[Black "Bezgodova, Svetlana"]
[Result "0-1"]
[WhiteTitle "WIM"]
[WhiteElo "2318"]
[BlackElo "2120"]
[Board "12.2"]
[WhiteTeam "CZE"]
[BlackTeam "RUS3"]
[WhiteFideId "309672"]
[BlackFideId "4110650"]
[EventDate "2010.09.21"]
[EventType "team"]

1. e4 e5 2. Nf3 Nc6 3. Bb5 a6 4. Ba4 Nf6 5. O-O Be7 6. Re1 b5 7. Bb3 d6 8. c3
O-O 9. h3 h6 10. d4 Re8 11. Nbd2 Bf8 12. a3 Bb7 13. Bc2 Nb8 14. b3 Nbd7 15. a4
c6 16. Bb2 Qc7 17. c4 exd4 18. Bxd4 b4 19. Re3 Re6 20. Bb2 c5 21. Nh2 Rae8 22.
Qe2 Ne5 23. f4 Ned7 24. Re1 d5 25. Qf3 dxe4 26. Qf2 Bd6 27. g3 Bc6 28. Ng4 Qb7
29. Nxf6+ Nxf6 30. Qg2 Bf8 31. R1e2 Nd7 32. f5 R6e7 33. Bxe4 Bxe4 34. Rxe4 Rxe4
35. Rxe4 Rd8 36. Qe2 Qc8 37. Nf3 Nb8 38. g4 Nc6 39. Kg2 Na5 40. Re3 Bd6 41. Rd3
Re8 42. Re3 Rd8 43. f6 g6 44. Rd3 Re8 45. Qd2 Bf8 46. Be5 Qc6 47. Bd6 Nxb3 48.
Rxb3 Qxd6 49. Qxd6 Bxd6 50. Rd3 Bf4 51. Kf2 g5 52. h4 Kh7 53. h5 Re6 0-1

[Event "39th Olympiad Women"]
[Site "Khanty-Mansiysk RUS"]
[Date "2010.09.25"]
[Round "5"]
[White "Kabanova, Ekaterina"]
[Black "Sikorova, Olga"]
[Result "1-0"]
[BlackTitle "WIM"]
[WhiteElo "2177"]
[BlackElo "2290"]
[Board "12.3"]
[WhiteTeam "RUS3"]
[BlackTeam "CZE"]
[WhiteFideId "24112917"]
[BlackFideId "307033"]
[EventDate "2010.09.21"]
[EventType "team"]

1. Nf3 g6 2. c4 Bg7 3. Nc3 d6 4. d4 e6 5. e4 Ne7 6. Be2 O-O 7. O-O Nd7 8. Bg5 h6
9. Be3 f5 10. exf5 Nxf5 11. Qd2 b6 12. Bd3 Bb7 13. d5 exd5 14. Nxd5 Bxd5 15.
cxd5 Ne5 16. Nxe5 Bxe5 17. f4 Bg7 18. Bf2 Qf6 19. Rab1 Rae8 20. Kh1 Rf7 21. b3
Rfe7 22. Bb5 Rf8 23. Rbd1 Qc3 24. Qd3 Qxd3 25. Rxd3 a6 26. Bxa6 Ra8 27. Bc4 Rxa2
28. g4 Rxf2 29. Rxf2 Nd4 30. Rd1 b5 31. Bd3 Nxb3 32. Bxg6 Bc3 33. h4 Kg7 34. Bb1
b4 35. Kg2 Na5 36. Bd3 Nb7 37. g5 Nc5 38. Bb1 Re3 39. f5 hxg5 40. hxg5 Ne4 41.
Bxe4 Rxe4 42. f6+ Kf8 43. Kh3 Be1 44. Rf5 b3 45. Rb1 Rh4+ 46. Kg2 Rg4+ 47. Kf3
Rg3+ 48. Ke2 Ba5 49. Kf2 Rh3 50. Rf3 Rh2+ 51. Kg3 Rd2 52. Rbxb3 Bb6 53. Ra3 Rxd5
54. f7 Rxg5+ 55. Kh4 Ra5 56. Rxa5 Bxa5 57. Kg5 c5 58. Kf6 d5 59. Rg3 1-0

[Event "39th Olympiad Women"]
[Site "Khanty-Mansiysk RUS"]
[Date "2010.09.25"]
[Round "5"]
[White "Olsarova, Tereza"]
[Black "Yakupova, Aysyla"]
[Result "1/2-1/2"]
[WhiteTitle "WFM"]
[WhiteElo "2215"]
[BlackElo "2117"]
[Board "12.4"]
[WhiteTeam "CZE"]
[BlackTeam "RUS3"]
[WhiteFideId "325449"]
[BlackFideId "4197569"]
[EventDate "2010.09.21"]
[EventType "team"]

1. e4 e5 2. Nf3 Nc6 3. d4 exd4 4. Nxd4 Nf6 5. Nc3 Bb4 6. Nxc6 bxc6 7. Bd3 d5 8.
exd5 cxd5 9. O-O O-O 10. Bg5 c6 11. Ne2 h6 12. Bh4 Re8 13. Nd4 Bd7 14. Bf5 Be7
15. Qf3 Ne4 16. Bxd7 Qxd7 17. Nf5 Bf8 18. Rad1 Qb7 19. Qg4 Kh7 20. f3 Nd6 21.
Nxd6 Bxd6 22. c4 Qxb2 23. cxd5 cxd5 24. Rxd5 Bf8 25. a4 a5 26. Rd7 Qa2 27. Bf2
Re2 28. Qd4 Rae8 29. Rd1 Bb4 30. Qd3+ Kg8 31. Rd8 Rxd8 32. Qxd8+ Kh7 33. Qd3+
Kg8 34. Qd8+ Kh7 35. Qd3+ Kg8 36. Qd8+ 1/2-1/2

[Event "39th Olympiad Women"]
[Site "Khanty-Mansiysk RUS"]
[Date "2010.09.25"]
[Round "5"]
[White "Sedina, Elena"]
[Black "Dauletova, Gulmira"]
[Result "1/2-1/2"]
[WhiteTitle "IM"]
[BlackTitle "WIM"]
[WhiteElo "2342"]
[BlackElo "2235"]
[Board "13.1"]
[WhiteTeam "ITA"]
[BlackTeam "KAZ"]
[WhiteFideId "812153"]
[BlackFideId "13702971"]
[EventDate "2010.09.21"]
[EventType "team"]

1. e4 c5 2. Nf3 g6 3. d4 Bg7 4. c3 cxd4 5. cxd4 d5 6. exd5 Nf6 7. Bc4 O-O 8. Nc3
Nbd7 9. O-O Nb6 10. Bb3 Nbxd5 11. Re1 b6 12. Ne5 Bb7 13. Qf3 Rc8 14. Bg5 Rc7 15.
Qh3 a6 16. Rad1 b5 17. Rd3 Nxc3 18. bxc3 Bd5 19. Qh4 a5 20. Rh3 h5 21. Qf4 Bxb3
22. axb3 Qc8 23. Qd2 Qb7 24. Bf4 Nd5 25. Bh6 Nf6 26. Bxg7 Kxg7 27. c4 bxc4 28.
bxc4 a4 29. Ra3 Ra8 30. h3 e6 31. Rea1 Nd7 32. Nxd7 Rxd7 33. Qc3 Kh7 34. Rxa4
Rxa4 35. Rxa4 Qb1+ 36. Kh2 Qd1 37. Ra1 Qxd4 38. Qxd4 Rxd4 39. Rc1 Kg7 40. c5 Kf6
41. c6 Rd8 42. Kg3 Ke7 43. Kf4 f6 44. g4 hxg4 45. hxg4 g5+ 46. Ke4 Ra8 47. Rc3
Kd8 48. c7+ Kc8 49. Kf3 Kd7 50. Kg3 Rc8 51. Rf3 Ke7 52. Rc3 Kd7 53. Rf3 Rf8 54.
Rc3 Rc8 1/2-1/2

[Event "39th Olympiad Women"]
[Site "Khanty-Mansiysk RUS"]
[Date "2010.09.25"]
[Round "5"]
[White "Nakhbayeva, Guliskhan"]
[Black "Zimina, Olga"]
[Result "0-1"]
[WhiteTitle "WIM"]
[BlackTitle "IM"]
[WhiteElo "2243"]
[BlackElo "2334"]
[Board "13.2"]
[WhiteTeam "KAZ"]
[BlackTeam "ITA"]
[WhiteFideId "13704788"]
[BlackFideId "4132190"]
[EventDate "2010.09.21"]
[EventType "team"]

1. d4 d5 2. c4 e6 3. Nc3 c6 4. cxd5 exd5 5. Bf4 Bd6 6. Bg3 Nf6 7. e3 Bf5 8. Nge2
O-O 9. Bxd6 Qxd6 10. Ng3 Bg6 11. h4 h6 12. h5 Bh7 13. Bd3 Re8 14. Bxh7+ Nxh7 15.
Qg4 Qf6 16. O-O-O Qg5 17. Qe2 Nd7 18. Kb1 Nb6 19. Qd3 Nf6 20. Ka1 Ng4 21. Rdf1
Nxe3 22. fxe3 Qxg3 23. Qf5 Re7 24. e4 Nc4 25. Rf3 Qxg2 26. Rb1 Qg5 27. Qh3 dxe4
28. Rg3 Qd2 29. Qh4 Re6 30. Nxe4 Qxd4 31. Nf6+ Qxf6 32. Qxc4 Rae8 33. Rgg1 Re2
34. a3 R8e4 35. Qc5 b6 36. Qc1 Re1 0-1

[Event "39th Olympiad Women"]
[Site "Khanty-Mansiysk RUS"]
[Date "2010.09.25"]
[Round "5"]
[White "Brunello, Marina"]
[Black "Davletbayeva, Madina"]
[Result "1/2-1/2"]
[WhiteTitle "WIM"]
[BlackTitle "WFM"]
[WhiteElo "2212"]
[BlackElo "2163"]
[Board "13.3"]
[WhiteTeam "ITA"]
[BlackTeam "KAZ"]
[WhiteFideId "822590"]
[BlackFideId "13703595"]
[EventDate "2010.09.21"]
[EventType "team"]

1. e4 Nf6 2. e5 Nd5 3. d4 d6 4. Bc4 Nb6 5. Bb3 g6 6. Nf3 Bg7 7. Qe2 O-O 8. O-O
Bg4 9. e6 d5 10. exf7+ Rxf7 11. Nbd2 Nc6 12. Qe3 h6 13. c3 Qd7 14. h3 Bf5 15.
Ne5 Nxe5 16. dxe5 c5 17. Qxc5 Bxe5 18. Qe3 Bg7 19. Nf3 Be4 20. Nh2 Raf8 21. f3
Bf5 22. Ng4 Bxg4 23. hxg4 Kh7 24. Qd3 Qc6 25. Rd1 e6 26. Be3 Nd7 27. Qe2 a6 28.
Bc2 Ne5 29. Bd4 Qc4 30. Qe3 Qc7 31. Bxe5 Bxe5 32. Re1 Bh2+ 33. Kh1 Rf6 34. Re2
Kg7 35. Rd1 1/2-1/2

[Event "39th Olympiad Women"]
[Site "Khanty-Mansiysk RUS"]
[Date "2010.09.25"]
[Round "5"]
[White "Ankudinova, Yelena"]
[Black "De Rosa, Mariagrazia"]
[Result "1/2-1/2"]
[WhiteTitle "WFM"]
[BlackTitle "WFM"]
[WhiteElo "2124"]
[BlackElo "2073"]
[Board "13.4"]
[WhiteTeam "KAZ"]
[BlackTeam "ITA"]
[WhiteFideId "13702114"]
[BlackFideId "815136"]
[EventDate "2010.09.21"]
[EventType "team"]

1. d4 d5 2. Nf3 Nf6 3. c4 dxc4 4. Qa4+ Nbd7 5. Nc3 e6 6. e4 c6 7. Qxc4 Be7 8.
Bd3 c5 9. dxc5 Nxc5 10. Bc2 b6 11. O-O Ba6 12. Ba4+ Nfd7 13. Bb5 Bxb5 14. Qxb5
O-O 15. Rd1 a6 16. Qe2 Qc7 17. b4 Nb7 18. Bf4 Qxc3 19. Rac1 Qxb4 20. Rxd7 Nc5
21. Bd2 Nxd7 22. Bxb4 Bxb4 23. Rc7 Nf6 24. Qc4 Bc5 25. g3 Ng4 26. e5 Bxf2+ 27.
Kh1 Nh6 28. Qc2 Bc5 29. Ng5 g6 30. Ne4 Bd4 31. Qd2 Nf5 32. Nf6+ Kg7 33. Qf4 Rac8
34. Rb7 Rc2 35. g4 Ne3 36. h4 Rc1+ 37. Kh2 Rc2+ 38. Kh3 Rc3 39. Qxd4 Rfc8 40.
Ne8+ Kh8 41. Rxf7 Nd5+ 42. Kg2 Rc2+ 43. Rf2 Rxf2+ 44. Qxf2 Rc2 45. Qxc2 Ne3+ 46.
Kf3 Nxc2 47. Nc7 Nb4 48. a3 Nd3 49. Ke4 Nc5+ 50. Kd4 Kg8 51. Na8 Nd7 52. Nc7 Nc5
53. Na8 1/2-1/2

[Event "39th Olympiad Women"]
[Site "Khanty-Mansiysk RUS"]
[Date "2010.09.25"]
[Round "5"]
[White "Rogule, Laura"]
[Black "Muminova, Nafisa"]
[Result "1/2-1/2"]
[WhiteTitle "WGM"]
[BlackTitle "WIM"]
[WhiteElo "2354"]
[BlackElo "2319"]
[Board "14.1"]
[WhiteTeam "LAT"]
[BlackTeam "UZB"]
[WhiteFideId "11601876"]
[BlackFideId "14201526"]
[EventDate "2010.09.21"]
[EventType "team"]

1. Nf3 Nf6 2. g3 d5 3. Bg2 Bg4 4. Ne5 Bf5 5. c4 c6 6. cxd5 cxd5 7. Nc3 Nbd7 8.
Qa4 e6 9. g4 Bc2 10. Qxc2 Nxe5 11. h3 Be7 12. Qa4+ Nc6 13. d3 Nd7 14. Bf4 a6 15.
Rc1 O-O 16. O-O Nde5 17. Bg3 Ng6 18. Qb3 Qd7 19. e3 Rac8 20. Qd1 b5 21. Ne2 Bd6
22. f4 Rc7 23. a3 Rfc8 24. Qe1 b4 25. Qf2 bxa3 26. bxa3 Nce7 27. Rxc7 Rxc7 28.
f5 Ne5 29. fxe6 Qxe6 30. Nf4 Qh6 31. d4 Nc4 32. Bxd5 Nxd5 33. Nxd5 Rb7 34. Qf5
Bf8 35. g5 Qe6 36. Qxe6 fxe6 37. Nf4 Nxe3 38. Re1 Nc2 39. Rxe6 Nxd4 40. Rxa6
Nf3+ 41. Kf2 Nxg5 42. Bh4 Rb2+ 43. Ke3 Nxh3 44. Nd3 Rb3 45. a4 g5 46. Bg3 h5 47.
Ke4 h4 48. Be5 Kf7 49. Bd4 Nf4 50. Rf6+ Ke8 51. Nxf4 gxf4 52. Rxf4 Be7 53. Bf6
Rb4+ 54. Kf3 Rxf4+ 55. Kxf4 Bxf6 1/2-1/2